| 000 | 00417nam a2200157Ia 4500 | ||
|---|---|---|---|
| 003 | Ost | ||
| 005 | 20260225132558.0 | ||
| 008 | 260225s9999||||xx |||||||||||||| ||und|| | ||
| 040 | _cfsic | ||
| 041 | _afre | ||
| 082 | _a302.23 | ||
| 100 |
_aabdel hafid hammouche et hocine labed _eAuteur |
||
| 245 | 0 | _ales migrations algeriennes a l'étranger / | |
| 245 | 0 | _cabdel hafid hammouche et hocine labed | |
| 942 | _cكتاب | ||
| 999 |
_c34596 _d34596 |
||